| 000 | 00474cam a2200157 4500 | ||
|---|---|---|---|
| 082 | 0 | 0 |
_a621.3 _bHIR _cL- |
| 100 | 1 |
_aHirst, Allan William. _950867 |
|
| 245 | 1 | 0 |
_aApplied electricity _c[by] A. W. Hirst. |
| 250 | _a3rd ed. | ||
| 260 |
_aLondon, _aGlasgow, _bBlackie, _c1965. |
||
| 300 |
_axiii, 439 p. _btables, diagrs. _c23 cm. |
||
| 500 | _aWith solutions to examples. | ||
| 526 |
_a0 _b0 _c0 _d621_300000000000000_HIR |
||
| 650 | 0 | _aElectrical engineering. | |
| 942 |
_2ddc _cBK |
||
| 999 |
_c553597 _d553597 |
||